Loading...
| Science - Physics | 0 | 3 | 0 | 2 | 30 | 128 | 136.00 | 0 | 0 |
| Science - Other Science | 0 | 3 | 1 | 0 | 25 | 53 | 72.00 | 0 | 1 |
| Fine Arts - Other Fine Arts | 0 | 2 | 0 | 0 | 20 | 97 | 99.50 | 0 | 0 |
| Social Science | 0 | 2 | 0 | 0 | 20 | 118 | 132.50 | 0 | 0 |
| Science - Biology | 0 | 1 | 0 | 1 | 10 | 137 | 137.00 | 0 | 0 |
| Other Academic | 0 | 1 | 0 | 0 | 10 | 137 | 137.00 | 0 | 0 |
| Fine Arts - Painting & Sculpture | 0 | 1 | 0 | 1 | 10 | 136 | 136.00 | 0 | 0 |
| Literature - World Literature | 0 | 1 | 0 | 0 | 10 | 126 | 126.00 | 0 | 0 |
| Current Events | 0 | 1 | 0 | 0 | 10 | 105 | 105.00 | 0 | 0 |
| Science - Chemistry | 0 | 0 | 0 | 0 | 0 | 0.00 | 0 | 0 | |
| Literature - British Literature | 0 | 0 | 0 | 0 | 0 | 0.00 | 0 | 0 | |
| Literature - American Literature | 0 | 0 | 1 | 0 | -5 | 0.00 | 0 | 0 |